000 00443nam a2200157Ia 4500
005 20250508155140.0
008 008 250505s9999 xx 000 0 eng d
037 _aBooks to be hide in OPAC
040 _aFEDL
_beng
_cFEDL
041 _aeng
_2eng
084 _a370.5, TEA
_qFEDL
245 0 _aTeachers college record: Education as science a critique
300 _a744p.
942 _cHB
_h370.5, TEA
999 _c1354713
_d1354713